000 00208 a2200097 4500
001 1186
100 _aAspinall
245 _aWorked examples in electrotechnics
260 _a
_bSpon ltd
_c
090 _c748
_d748
942 _aNUST-CAE
_cM
_c34133
999 _c236259
_d236259